Incom tax-II (Record no. 3314)
[ view plain ]
| 000 -LEADER | |
|---|---|
| fixed length control field | 00809 a2200217 4500 |
| 010 ## - LIBRARY OF CONGRESS CONTROL NUMBER | |
| LC control number | ENG-85665 |
| 020 ## - INTERNATIONAL STANDARD BOOK NUMBER | |
| Terms of availability | 80.00 |
| 035 ## - SYSTEM CONTROL NUMBER | |
| System control number | EN-69198 |
| 037 ## - SOURCE OF ACQUISITION | |
| Source of stock number/acquisition | D.B.Act / Pub |
| 082 14 - DEWEY DECIMAL CLASSIFICATION NUMBER | |
| Classification number | 336.24 |
| 090 ## - LOCALLY ASSIGNED LC-TYPE CALL NUMBER (OCLC); LOCAL CALL NUMBER (OCLC) | |
| -- | 3381 |
| -- | 3381 |
| 100 1# - MAIN ENTRY--PERSONAL NAME | |
| Personal name | Satyaprasad, B. G. |
| 245 1# - TITLE STATEMENT | |
| Title | Incom tax-II |
| Remainder of title | for sixth semester, B.Com Banglore Universty |
| Statement of responsibility, etc | by B. G. Satyaprasad, B. V. Harisha and B. V. Rudramurthy |
| 260 ## - PUBLICATION, DISTRIBUTION, ETC. (IMPRINT) | |
| Place of publication, distribution, etc | Mumbai |
| Name of publisher, distributor, etc | Himalaya Publishing House |
| Date of publication, distribution, etc | 2007 |
| 270 ## - ADDRESS | |
| Address | "Ramdoot", Dr. Bhalerao Marg, Girgaon |
| City | Mumbai |
| Postal code | 400 004 |
| Telephone number | 022-23860170, 022-23863863 |
| Fax number | 022-23877178 |
| Electronic mail address | himpub@vsnl.net.in |
| 300 ## - PHYSICAL DESCRIPTION | |
| Extent | 200 p. |
| Dimensions | 24 cm ( Pbk.) |
| 700 1# - ADDED ENTRY--PERSONAL NAME | |
| Personal name | Harisha, B. V. |
| 700 1# - ADDED ENTRY--PERSONAL NAME | |
| Personal name | Rudramurthy, B. V. |
| 942 ## - ADDED ENTRY ELEMENTS (KOHA) | |
| Institution code [OBSOLETE] | dpl |
| Koha item type | English Books |
| Call number prefix | 336.24 / SAT |
| Withdrawn status | Lost status | Source of classification or shelving scheme | Damaged status | Not for loan | Collection code | Home library | Current library | Source of acquisition | Cost, normal purchase price | Total Checkouts | Full call number | Barcode | Date last seen | Copy number | Uniform Resource Identifier | Cost, replacement price | Price effective from | Koha item type |
|---|---|---|---|---|---|---|---|---|---|---|---|---|---|---|---|---|---|---|
| Dewey Decimal Classification | Not For Loan | Non-fiction | D.B.Act.Division | D.B.Act.Division | DBAD/PUB | 80.00 | 336.24 SAT | EN-69198 | 15/09/2008 | 1 | 3529 | 80.00 | 15/09/2008 | English Books |
